SACHITRA AVASTHAVRTTA VIJNANA (Record no. 14510)

MARC details
000 -LEADER
fixed length control field 00334nam a22001457a 4500
003 - CONTROL NUMBER IDENTIFIER
control field SGT
020 ## - INTERNATIONAL STANDARD BOOK NUMBER
International Standard Book Number 978-81-89798-56-7
082 ## - DEWEY DECIMAL CLASSIFICATION NUMBER
Classification number 615.53
Item number S16R
100 ## - MAIN ENTRY--PERSONAL NAME
Personal name ROY, VIJAY KUMAR
245 ## - TITLE STATEMENT
Title SACHITRA AVASTHAVRTTA VIJNANA
260 ## - PUBLICATION, DISTRIBUTION, ETC. (IMPRINT)
Place of publication, distribution, etc NEW DELHI
Name of publisher, distributor, etc CHAUKHAMBHA PUB
Year of Publication 2016
300 ## - PAGE DESCRIPTION
No. of Pages 670
650 ## - SUBJECT ADDED ENTRY--TOPICAL TERM
Topical term or geographic name as entry element AYURVEDA
942 ## - ADDED ENTRY ELEMENTS (KOHA)
Source of classification or shelving scheme Dewey Decimal Classification
Koha item type Books
942 ## - ADDED ENTRY ELEMENTS (KOHA)
-- 4
Holdings
Withdrawn status Lost status Source of classification or shelving scheme Damaged status Not for loan Collection code Home library Current library Shelving location Date acquired Vendor Name Cost, normal purchase price SGTU Bill Number Total Checkouts Full call number Accession No. (Barcode) Date last seen Date last borrowed Bill Date Koha item type Total Renewals
    Dewey Decimal Classification     AYURVEDA SGT FA-FP Library SGT FA-FP Library Text Book 12/01/2018 CHAUKHAMBHA PUB 595.00 SGTU CP/B/849 9 615.53 S16R FA7596 30/01/2025 29/01/2025 25/12/2017 Books  
    Dewey Decimal Classification     AYURVEDA SGT FA-FP Library SGT FA-FP Library Text Book 12/01/2018 CHAUKHAMBHA PUB 595.00 SGTU CP/B/849 2 615.53 S16R FA7597 30/11/2019 29/11/2019 25/12/2017 Books  
    Dewey Decimal Classification     AYURVEDA SGT FA-FP Library SGT FA-FP Library Text Book 12/01/2018 CHAUKHAMBHA PUB 595.00 SGTU CP/B/849 7 615.53 S16R FA7598 29/08/2023 29/08/2023 25/12/2017 Books  
    Dewey Decimal Classification     AYURVEDA SGT FA-FP Library SGT FA-FP Library Text Book 12/01/2018 CHAUKHAMBHA PUB 595.00 SGTU CP/B/849 2 615.53 S16R FA7599 26/09/2018 30/08/2018 25/12/2017 Books  
    Dewey Decimal Classification     AYURVEDA SGT FA-FP Library SGT FA-FP Library Text Book 12/01/2018 CHAUKHAMBHA PUB 595.00 SGTU CP/B/849 3 615.53 S16R FA7600 16/03/2021 15/03/2021 25/12/2017 Books  
    Dewey Decimal Classification     AYURVEDA SGT FA-FP Library SGT FA-FP Library Text Book 12/01/2018 CHAUKHAMBHA PUB 595.00 SGTU CP/B/849 4 615.53 S16R FA7601 08/02/2021 25/01/2021 25/12/2017 Books  
    Dewey Decimal Classification     AYURVEDA SGT FA-FP Library SGT FA-FP Library Text Book 12/01/2018 CHAUKHAMBHA PUB 595.00 SGTU CP/B/849 4 615.53 S16R FA7602 15/05/2025 09/05/2025 25/12/2017 Books  
    Dewey Decimal Classification     AYURVEDA SGT FA-FP Library SGT FA-FP Library Text Book 12/01/2018 CHAUKHAMBHA PUB 595.00 SGTU CP/B/849 7 615.53 S16R FA7603 21/05/2025 09/05/2025 25/12/2017 Books  
    Dewey Decimal Classification     AYURVEDA SGT FA-FP Library SGT FA-FP Library Text Book 12/01/2018 CHAUKHAMBHA PUB 595.00 SGTU CP/B/849 3 615.53 S16R FA7604 19/12/2018 05/12/2018 25/12/2017 Books  
    Dewey Decimal Classification     AYURVEDA SGT FA-FP Library SGT FA-FP Library Text Book 12/01/2018 CHAUKHAMBHA PUB 595.00 SGTU CP/B/849 5 615.53 S16R FA7605 21/05/2025 12/05/2025 25/12/2017 Books 1